National Toy Hall of Fame Quiz Stats

 Plays Quiz not verified by Sporcle

Also try: Rent Characters
Challenge
Share
Tweet
Embed
Score 0/44 Timer 08:00
0 Plays Today
% Correct
Barbie
82.3%
LEGO
60.2%
Monopoly
59.3%
GI Joe
58.4%
Slinky
54%
Hula Hoop
48.7%
Duncan Yo-Yo
44.2%
Lincoln Logs
44.2%
The Ball
41.6%
Etch A Sketch
38.1%
Jump Rope
33.6%
Jacks
32.7%
Easy Bake Oven
31%
Frisbee
30.1%
Teddy Bear
30.1%
Checkers
28.3%
Candy Land
26.5%
Baby Doll
25.7%
Mr Potato Head
25.7%
Play-Doh
25.7%
Tonka Truck
25.7%
Marbles
24.8%
% Correct
Silly Putty
24.8%
Atari 2600 Game System
23.9%
Bicycle
23%
SCRABBLE
23%
Tinkertoy
22.1%
Crayola Crayons
20.4%
Raggedy Ann and Andy
20.4%
Stick
17.7%
Erector Set
15.9%
Lionel Trains
15%
Roller Skates
15%
Radio Flyer Wagon
14.2%
Skateboard
14.2%
Big Wheel
13.3%
Jack-in-the-Box
12.4%
Jigsaw Puzzle
10.6%
Nintendo Game Boy
8.8%
Kite
8%
Cardboard Box
7.1%
View-Master
7.1%
Alphabet Blocks
5.3%
Rocking Horse
5.3%

You're not logged in!

Compare scores with friends on all Sporcle quizzes.
OR
Log In

You Might Also Like...

Show Comments

Extras

Top Quizzes Today


Score Distribution

Your Account Isn't Verified!

In order to create a playlist on Sporcle, you need to verify the email address you used during registration. Go to your Sporcle Settings to finish the process.

Report this User

Report this user for behavior that violates our Community Guidelines.

Details: